000 00448 a2200145 4500
999 _c8143
_d8143
020 _a9788184500349
050 _aHV 551.2 GOE 2011
100 _aGoel, S.L
_eauthor
245 _aDisaster administration and management:
_btext and case studies/
_cS.L. Goel
264 _aNew Delhi:
_bDeep & Deep Publications ,
_c2011
300 _a626p.:
_bill. ( col.)
500 _aIncludes index
650 _aDisaster Management
942 _2lcc
_cBK
_h551.2
_iGOE
_kHV